| 000 | 00482nam a2200157 4500 | ||
|---|---|---|---|
| 001 | 148785 | ||
| 003 | ES-MaACL | ||
| 005 | 20230906202814.0 | ||
| 007 | t| | ||
| 008 | 070214s1968 sp r ||||1| spa d | ||
| 100 | 1 |
_aSubiñas Rodrigo, Víctor. _9108685 |
|
| 245 | 1 | 0 |
_aCovarrubias _b: historia, arte y monumentos / _cVíctor Subiñas Rodrigo. |
| 260 |
_aBurgos : _bEl Monte Carmelo, _c1968. |
||
| 300 |
_a82 p., 5 lám. : _bil. ; _c26 cm. |
||
| 852 |
_aES-MaACL _jC-36903 _bR.66748 |
||
| 999 |
_c148785 _d148785 |
||